<?xml version="1.0" encoding="UTF-8"?>
<record
    xmlns:xsi="http://www.w3.org/2001/XMLSchema-instance"
    xsi:schemaLocation="http://www.loc.gov/MARC21/slim http://www.loc.gov/standards/marcxml/schema/MARC21slim.xsd"
    xmlns="http://www.loc.gov/MARC21/slim">

  <leader>00581nam a22002177a 4500</leader>
  <controlfield tag="005">20241204102714.0</controlfield>
  <controlfield tag="008">241204b           ||||| |||| 00| 0 eng d</controlfield>
  <datafield tag="020" ind1=" " ind2=" ">
    <subfield code="a">9789385444456</subfield>
  </datafield>
  <datafield tag="040" ind1=" " ind2=" ">
    <subfield code="c">AL</subfield>
  </datafield>
  <datafield tag="041" ind1=" " ind2=" ">
    <subfield code="a">English</subfield>
  </datafield>
  <datafield tag="082" ind1=" " ind2=" ">
    <subfield code="2">23</subfield>
    <subfield code="a">346.03</subfield>
    <subfield code="b">RAML</subfield>
  </datafield>
  <datafield tag="100" ind1=" " ind2=" ">
    <subfield code="a">R Ramchandran</subfield>
    <subfield code="9">187550</subfield>
  </datafield>
  <datafield tag="245" ind1=" " ind2=" ">
    <subfield code="a">Law of Torts</subfield>
  </datafield>
  <datafield tag="250" ind1=" " ind2=" ">
    <subfield code="a">2.</subfield>
  </datafield>
  <datafield tag="260" ind1=" " ind2=" ">
    <subfield code="a">New Delhi</subfield>
    <subfield code="b">Kamal Publishers</subfield>
    <subfield code="c">2024</subfield>
  </datafield>
  <datafield tag="300" ind1=" " ind2=" ">
    <subfield code="a">xxiv,496 p.</subfield>
    <subfield code="b">PB</subfield>
    <subfield code="c">24x16 cm.</subfield>
  </datafield>
  <datafield tag="365" ind1=" " ind2=" ">
    <subfield code="a">1060</subfield>
    <subfield code="b">&#x20B9;346.75</subfield>
    <subfield code="c">&#x20B9;</subfield>
    <subfield code="d">&#x20B9;475.00</subfield>
    <subfield code="e">27%</subfield>
    <subfield code="f">28-11-2024</subfield>
  </datafield>
  <datafield tag="650" ind1=" " ind2=" ">
    <subfield code="a">Law</subfield>
    <subfield code="9">187542</subfield>
  </datafield>
  <datafield tag="700" ind1=" " ind2=" ">
    <subfield code="a">RAMCHANDRAN (R)</subfield>
    <subfield code="9">187543</subfield>
  </datafield>
  <datafield tag="942" ind1=" " ind2=" ">
    <subfield code="2">ddc</subfield>
    <subfield code="c">BK</subfield>
  </datafield>
  <datafield tag="999" ind1=" " ind2=" ">
    <subfield code="c">232051</subfield>
    <subfield code="d">232051</subfield>
  </datafield>
  <datafield tag="952" ind1=" " ind2=" ">
    <subfield code="0">0</subfield>
    <subfield code="1">0</subfield>
    <subfield code="2">ddc</subfield>
    <subfield code="4">0</subfield>
    <subfield code="7">0</subfield>
    <subfield code="8">Law</subfield>
    <subfield code="a">LL</subfield>
    <subfield code="b">LL</subfield>
    <subfield code="d">2024-12-03</subfield>
    <subfield code="e">MPP House</subfield>
    <subfield code="g">346.75</subfield>
    <subfield code="l">2</subfield>
    <subfield code="o">346.03 RAML</subfield>
    <subfield code="p">LL000060</subfield>
    <subfield code="r">2025-12-31 11:45:31</subfield>
    <subfield code="s">2025-10-09</subfield>
    <subfield code="v">475.00</subfield>
    <subfield code="w">2024-12-04</subfield>
    <subfield code="y">BK</subfield>
  </datafield>
</record>
